Cas en latin - Statistiques

Statistiques générales
  • Ce quiz a été pris 802 fois
  • Le résultat moyen est 5 sur 6
Statistiques - réponses
Cas % Correct
Nominatif
96%
Accusatif
90%
Datif
89%
Vocatif
85%
Génitif
83%
Ablatif
82%
Aucun quiz correspondant
Distribution des résultats
% des personnes avec chaque résultat
Percentile par nombre de réponses
Votre historique - résultats
Vous n’avez pas pris ce quiz